International social policy / (Record no. 746151)

MARC details
000 -LEADER
fixed length control field 00869nam a2200289 a 4500
001 - CONTROL NUMBER
control field vtls000920766
003 - CONTROL NUMBER IDENTIFIER
control field NLI
005 - DATE AND TIME OF LATEST TRANSACTION
control field 20210627084925.0
008 - FIXED-LENGTH DATA ELEMENTS--GENERAL INFORMATION
fixed length control field 110906s1948 sz 000 0 eng
039 #9 - LEVEL OF BIBLIOGRAPHIC CONTROL AND CODING DETAIL [OBSOLETE]
-- 201109061812
-- Vargis_01
040 0# - CATALOGING SOURCE
Original cataloging agency NLI
Language of cataloging eng
Transcribing agency Vergis_S
Description conventions AACR2
041 0# - LANGUAGE CODE
Language code of text/sound track or separate title eng
044 ## - COUNTRY OF PUBLISHING/PRODUCING ENTITY CODE
MARC country code sz
084 ## - OTHER CLASSIFICATION NUMBER
Classification number 147
100 1# - MAIN ENTRY--PERSONAL NAME
Personal name Thomas, Albert,
Dates associated with a name 1878-1932
9 (RLIN) 863250
245 10 - TITLE STATEMENT
Title International social policy /
Statement of responsibility, etc. Albert Thomas
260 ## - PUBLICATION, DISTRIBUTION, ETC.
Place of publication, distribution, etc. Geneva :
Name of publisher, distributor, etc. International Labour Office,
Date of publication, distribution, etc. 1948
300 ## - PHYSICAL DESCRIPTION
Extent 162 p. ;
Dimensions 24 cm.
650 #0 - SUBJECT ADDED ENTRY--TOPICAL TERM
Topical term or geographic name entry element Economic policy
9 (RLIN) 677885
650 #0 - SUBJECT ADDED ENTRY--TOPICAL TERM
Topical term or geographic name entry element Labor laws and legislation, International
9 (RLIN) 702868
650 #0 - SUBJECT ADDED ENTRY--TOPICAL TERM
Topical term or geographic name entry element Labor and laboring classes
9 (RLIN) 758504
887 ## - NON-MARC INFORMATION FIELD
Content of non-MARC field
901 ## - LOCAL DATA ELEMENT A, LDA (RLIN)
a 289277
b 30.09.1950
902 ## - LOCAL DATA ELEMENT B, LDB (RLIN)
a 147 B 509
949 ## - LOCAL PROCESSING INFORMATION (OCLC)
-- VIRTUAITEM
-- 10000
-- 100
6 PUR000289277ENG
942 ## - ADDED ENTRY ELEMENTS (KOHA)
Source of classification or shelving scheme Dewey Decimal Classification
Koha item type Books
Holdings
Withdrawn status Lost status Damaged status Not for loan Home library Current library Date acquired Total Checkouts Full call number Barcode Date last seen Price effective from Koha item type
        National Library of India National Library of India     147 B 509 PUR000289277ENG 27/06/2021 27/06/2021 Books
                                                                           
web counter

Copyright ©2020 The National Library of India, Govt. of India ↔ Hosted by NVLI, MOC ↔ Technology and Design by National Library of India, Ministry of Culture, Govt. of India